Placez les États américains sur une carte - Statistiques

Statistiques générales
  • Ce quiz a été pris 4 820 fois
  • Le résultat moyen est 28 sur 50
Réponses sur la Carte
Les réponses sont colorées sur une échelle allant du rouge au vert en fonction du pourcentage des utilisateurs qui les ont devinées à leur premier essai. Vous pouvez retrouver ces pourcentages ci-dessous.
 
Statistiques - réponses
Réponse % Correct
Alaska
81%
Hawaï
81%
Californie
80%
Texas
80%
Floride
79%
Dakota du Nord
73%
Dakota du Sud
70%
Washington
70%
Nouveau-Mexique
66%
Nevada
64%
Caroline du Sud
63%
Montana
63%
Caroline du Nord
62%
Louisiane
62%
Oregon
61%
Arizona
60%
New York
60%
Maine
57%
Virginie
57%
Michigan
56%
Tennessee
55%
Colorado
54%
Géorgie
54%
Utah
54%
Pennsylvanie
53%
Minnesota
52%
Virginie Occidentale
52%
Idaho
51%
Illinois
51%
New Jersey
51%
Mississippi
50%
Oklahoma
50%
Rhode Island
50%
Wyoming
50%
Kansas
49%
Kentucky
49%
Alabama
48%
Vermont
48%
Indiana
47%
Nebraska
47%
New Hampshire
47%
Missouri
45%
Ohio
45%
Massachusetts
44%
Wisconsin
44%
Connecticut
42%
Iowa
42%
Maryland
42%
Arkansas
41%
Delaware
41%
Aucun quiz correspondant
Distribution des résultats
% des personnes avec chaque résultat
Percentile par nombre de réponses
Votre historique - résultats
Vous n’avez pas pris ce quiz